Denken des Einen: Studien zur neuplatonischen Philosophie und ihrer Wirkungsgeschichte
| Main Author: | |
|---|---|
| Format: | Print Book |
| Language: | German |
| Subito Delivery Service: | Order now. |
| Check availability: | HBZ Gateway |
| Interlibrary Loan: | Interlibrary Loan for the Fachinformationsdienste (Specialized Information Services in Germany) |
| Published: |
Frankfurt am Main
Klostermann
1985
|
| In: | Year: 1985 |
| Reviews: | [Rezension von: Beierwaltes, Werner, Denken des Einen. Studien zur neuplatonischen Philosophie und ihrer Wirkungsgeschichte] (1988) (Brague, Rémi)
|
| Standardized Subjects / Keyword chains: | B
Unity
/ Neoplatonism
/ Philosophy
/ History 500-1500
B Neoplatonism / One (The One in philosophy) / Reception |
| Further subjects: | B
Platonism / Plato
B Plato (427 BC-347 BC) B Platonism / Platon |
| Online Access: |
Table of Contents |
MARC
| LEADER | 00000cam a2200000 c 4500 | ||
|---|---|---|---|
| 001 | 023109203 | ||
| 003 | DE-627 | ||
| 005 | 20251219210003.0 | ||
| 007 | tu | ||
| 008 | 851204s1985 gw ||||| 00| ||ger c | ||
| 015 | |a 85,N09,0019 |2 dnb | ||
| 015 | |a 85,A24,0057 |2 dnb | ||
| 016 | 7 | |a 850232139 |2 DE-101 | |
| 020 | |a 3465016378 |9 3-465-01637-8 | ||
| 035 | |a (DE-627)023109203 | ||
| 035 | |a (DE-576)009764429 | ||
| 035 | |a (DE-599)GBV023109203 | ||
| 035 | |a (AT-OBV)AC01301859 | ||
| 035 | |a (DE-604)8003237273 | ||
| 040 | |a DE-627 |b ger |c DE-627 |e rda | ||
| 041 | |a ger | ||
| 044 | |c XA-DE | ||
| 082 | 0 | |a 111/.82 |q OCLC | |
| 084 | |a 10 |2 sdnb | ||
| 084 | |a 1 |2 ssgn | ||
| 084 | |a CC 8500 |2 rvk |0 (DE-625)rvk/17709: | ||
| 084 | |a CD 3067 |2 rvk |0 (DE-625)rvk/17770:11616 | ||
| 084 | |a CD 3950 |2 rvk |0 (DE-625)rvk/17794: | ||
| 084 | |a BF 2376 |2 rvk |0 (DE-625)rvk/10920:11597 | ||
| 084 | |a 08.00 |2 bkl | ||
| 084 | |a 08.20 |2 bkl | ||
| 100 | 1 | |0 (DE-588)119393190 |0 (DE-627)080205941 |0 (DE-576)160228670 |4 aut |a Beierwaltes, Werner |d 1931-2019 | |
| 109 | |a Beierwaltes, Werner 1931-2019 |a Beierwaltes, W. 1931-2019 |a Paiŏbalt'esŭ, Perŭnŏ 1931-2019 |a Bajervaltes, Verner 1931-2019 |a Be leu neo Ba i eo bal te seu 1931-2019 |a Beleuneo-Baieobalteseu 1931-2019 |a Baieobalteseu, Beleuneo 1931-2019 | ||
| 191 | |a 1 | ||
| 245 | 1 | 0 | |a Denken des Einen |b Studien zur neuplatonischen Philosophie und ihrer Wirkungsgeschichte |c Werner Beierwaltes |
| 246 | 3 | 0 | |a einen |
| 264 | 1 | |a Frankfurt am Main |b Klostermann |c 1985 | |
| 300 | |a 471 S | ||
| 336 | |a Text |b txt |2 rdacontent | ||
| 337 | |a ohne Hilfsmittel zu benutzen |b n |2 rdamedia | ||
| 338 | |a Band |b nc |2 rdacarrier | ||
| 500 | |a Literaturangaben | ||
| 583 | 1 | |a Archivierung/Langzeitarchivierung gewährleistet |f SSG |x XA-DE-BW |2 pdager |5 DE-21 | |
| 600 | 0 | 7 | |0 (DE-588)118594893 |0 (DE-627)134399323 |0 (DE-576)162571674 |a Plato |d v427-v347 |2 gnd |
| 601 | |a Wirkungsgeschichte | ||
| 650 | 4 | |a Platonismus/Platon | |
| 650 | 4 | |a Platonism/Plato | |
| 689 | 0 | 0 | |d s |0 (DE-588)4013862-8 |0 (DE-627)104331976 |0 (DE-576)208905855 |2 gnd |a Einheit |
| 689 | 0 | 1 | |d s |0 (DE-588)4041862-5 |0 (DE-627)106217100 |0 (DE-576)209047348 |2 gnd |a Neuplatonismus |
| 689 | 0 | 2 | |d s |0 (DE-588)4045791-6 |0 (DE-627)106200259 |0 (DE-576)209066873 |2 gnd |a Philosophie |
| 689 | 0 | 3 | |q z |2 gnd |a Geschichte 500-1500 |
| 689 | 0 | |5 DE-101 | |
| 689 | 1 | 0 | |d s |0 (DE-588)4041862-5 |0 (DE-627)106217100 |0 (DE-576)209047348 |2 gnd |a Neuplatonismus |
| 689 | 1 | 1 | |d s |0 (DE-588)4250586-0 |0 (DE-627)104763256 |0 (DE-576)210505567 |2 gnd |a Das Eine |
| 689 | 1 | 2 | |d s |0 (DE-588)4049716-1 |0 (DE-627)104675152 |0 (DE-576)209083182 |2 gnd |a Rezeption |
| 689 | 1 | |5 (DE-627) | |
| 787 | 0 | 8 | |i Rezensiert in |a Brague, Rémi |t [Rezension von: Beierwaltes, Werner, Denken des Einen. Studien zur neuplatonischen Philosophie und ihrer Wirkungsgeschichte] |d 1988 |w (DE-627)1784792004 |
| 856 | 4 | 2 | |u http://d-nb.info/850232139/04 |m B:DE-101 |q application/pdf |v 20130501 |x Verlag |3 Inhaltsverzeichnis |7 1 |
| 935 | |a mteo |a AUGU | ||
| 935 | |i Blocktest | ||
| 936 | r | v | |a CC 8500 |b Abhandlungen |k Philosophie |k Systematische Philosophie |k Religionsphilosophie |k Abhandlungen |0 (DE-627)1270639315 |0 (DE-625)rvk/17709: |0 (DE-576)200639315 |
| 936 | r | v | |a CD 3067 |b Abhandlungen, Studien |k Philosophie |k Geschichte der Philosophie |k Geschichte der Philosophie des Abendlandes von Antike bis 20. Jahrhundert |k Philosophie der griechischen Antike |k Autoren |k Plato |k Abhandlungen, Studien |0 (DE-627)1271286858 |0 (DE-625)rvk/17770:11616 |0 (DE-576)201286858 |
| 936 | r | v | |a CD 3950 |b Abhandlungen |k Philosophie |k Geschichte der Philosophie |k Geschichte der Philosophie des Abendlandes von Antike bis 20. Jahrhundert |k Philosophie der hellenistischen, römischen und christlichen Antike |k Neuplatonismus |k Abhandlungen |0 (DE-627)1270640054 |0 (DE-625)rvk/17794: |0 (DE-576)200640054 |
| 936 | r | v | |a BF 2376 |b Sekundärliteratur |k Theologie und Religionswissenschaften |k Philosophie |k Quellen zur Philosophiegeschichte |k Altertum |k Plotinus |k Sekundärliteratur |0 (DE-627)1271683121 |0 (DE-625)rvk/10920:11597 |0 (DE-576)201683121 |
| 936 | b | k | |a 08.00 |j Philosophie: Allgemeines |0 (DE-627)106415239 |
| 936 | b | k | |a 08.20 |j Geschichte der westlichen Philosophie: Allgemeines |0 (DE-627)106417800 |
| 951 | |a BO | ||
| ELC | |b 1 | ||
| ITA | |a 1 |t 1 | ||
| LOK | |0 000 xxxxxcx a22 zn 4500 | ||
| LOK | |0 001 3203947765 | ||
| LOK | |0 003 DE-627 | ||
| LOK | |0 004 023109203 | ||
| LOK | |0 005 20091224211249 | ||
| LOK | |0 008 900131||||||||||||||||ger||||||| | ||
| LOK | |0 040 |a DE-21 |c DE-627 |d DE-21 | ||
| LOK | |0 541 |e 90/95 | ||
| LOK | |0 852 |a DE-21 | ||
| LOK | |0 852 1 |c philos A 205 |9 00 | ||
| LOK | |0 852 2 |b Lehrbuchsammlung |9 00 | ||
| LOK | |0 866 |x 2 Ex. 25 A 7203 | ||
| LOK | |0 935 |a lbs1 | ||
| LOK | |0 939 |a 31-01-90 |b l01 | ||
| LOK | |0 000 xxxxxcx a22 zn 4500 | ||
| LOK | |0 001 3203947781 | ||
| LOK | |0 003 DE-627 | ||
| LOK | |0 004 023109203 | ||
| LOK | |0 005 19910817000000 | ||
| LOK | |0 008 910817||||||||||||||||ger||||||| | ||
| LOK | |0 040 |a DE-21 |c DE-627 |d DE-21 | ||
| LOK | |0 852 |a DE-21 | ||
| LOK | |0 852 1 |c 25 A 7203 |9 00 | ||
| LOK | |0 935 |a comp |a konv | ||
| LOK | |0 939 |a 17-08-91 |b l02 | ||
| LOK | |0 000 xxxxxcx a22 zn 4500 | ||
| LOK | |0 001 3203947838 | ||
| LOK | |0 003 DE-627 | ||
| LOK | |0 004 023109203 | ||
| LOK | |0 005 20080704110537 | ||
| LOK | |0 008 960517||||||||||||||||ger||||||| | ||
| LOK | |0 040 |a DE-21-35 |c DE-627 |d DE-21-35 | ||
| LOK | |0 541 |e 1987/76953 | ||
| LOK | |0 852 |a DE-21-35 | ||
| LOK | |0 852 1 |c Fe 92.05 |m p |9 00 | ||
| LOK | |0 935 |a kneu | ||
| LOK | |0 938 |k p | ||
| LOK | |0 939 |a 17-05-96 |b l01 | ||
| LOK | |0 000 xxxxxcx a22 zn 4500 | ||
| LOK | |0 001 3203947854 | ||
| LOK | |0 003 DE-627 | ||
| LOK | |0 004 023109203 | ||
| LOK | |0 005 20100406204756 | ||
| LOK | |0 008 050820||||||||||||||||ger||||||| | ||
| LOK | |0 040 |a DE-21-46 |c DE-627 |d DE-21-46 | ||
| LOK | |0 541 |e 85/127 | ||
| LOK | |0 689 |a s |0 1311363920 |a Denken | ||
| LOK | |0 689 |a s |0 1311369953 |a Neuplatonismus | ||
| LOK | |0 852 |a DE-21-46 | ||
| LOK | |0 852 1 |c B 4a/1985,1 |m p |9 00 | ||
| LOK | |0 935 |a k046 | ||
| LOK | |0 938 |k p | ||
| LOK | |0 939 |a 20-08-05 |b l01 | ||
| LOK | |0 000 xxxxxcx a22 zn 4500 | ||
| LOK | |0 001 3203947862 | ||
| LOK | |0 003 DE-627 | ||
| LOK | |0 004 023109203 | ||
| LOK | |0 005 20111110114204 | ||
| LOK | |0 008 111110||||||||||||||||ger||||||| | ||
| LOK | |0 040 |a DE-21-45 |c DE-627 |d DE-21-45 | ||
| LOK | |0 541 |e 35251 | ||
| LOK | |0 852 |a DE-21-45 | ||
| LOK | |0 852 1 |c N 484 |m p |9 00 | ||
| LOK | |0 935 |a k045 |a i045 | ||
| LOK | |0 938 |a 1110 | ||
| LOK | |0 938 |k p | ||
| LOK | |0 939 |a 10-11-11 |b l01 | ||
| LOK | |0 000 xxxxxcx a22 zn 4500 | ||
| LOK | |0 001 4231887233 | ||
| LOK | |0 003 DE-627 | ||
| LOK | |0 004 023109203 | ||
| LOK | |0 005 20221220151407 | ||
| LOK | |0 008 221215||||||||||||||||ger||||||| | ||
| LOK | |0 035 |a (DE-Tue135-4)zaf-2549 | ||
| LOK | |0 040 |a DE-Tue135-4 |c DE-627 |d DE-Tue135-4 | ||
| LOK | |0 092 |o n | ||
| LOK | |0 689 |a p |0 1826910344 |a Plato, Platonici | ||
| LOK | |0 689 |a s |0 1826916725 |a unum-multum | ||
| LOK | |0 689 |a s |0 1826916717 |a unitas | ||
| LOK | |0 689 |a s |0 1826901450 |a formatio | ||
| LOK | |0 689 |a s |0 1826897240 |a conuersio | ||
| LOK | |0 689 |a s |0 1826898212 |a deus | ||
| LOK | |0 852 |a DE-Tue135-4 | ||
| LOK | |0 852 1 |9 00 | ||
| LOK | |0 935 |a wumi | ||
| LOK | |0 939 |a 15-12-22 |b l01 | ||
| LOK | |0 000 xxxxxcx a22 zn 4500 | ||
| LOK | |0 001 4830376511 | ||
| LOK | |0 003 DE-627 | ||
| LOK | |0 004 023109203 | ||
| LOK | |0 005 20251218165903 | ||
| LOK | |0 008 251218||||||||||||||||ger||||||| | ||
| LOK | |0 035 |a (DE-4020)wubadaa15114 | ||
| LOK | |0 040 |a DE-4020 |c DE-627 |d DE-4020 | ||
| LOK | |0 092 |o n | ||
| LOK | |0 852 |a DE-4020 | ||
| LOK | |0 852 1 |c S 159 |m p |9 00 | ||
| LOK | |0 935 |a bami | ||
| LOK | |0 938 |k p | ||
| LOK | |0 939 |a 18-12-25 |b l01 | ||
| ORI | |a SA-MARC-ixtheoa001.raw | ||
| REF | |a Philosophiegeschichte | ||
| REL | |a 1 | ||
| STA | 0 | 0 | |a Neoplatonism,Platonism,One (The One in philosophy),Philosophy,Philosophy in literature,Reception,Reception,Impact,Afterlife,Unity,Unity |
| STB | 0 | 0 | |a L'Un,Néoplatonisme,Philosophie,Philosophie,Réception <scientifique>,Réception <scientifique>,Influence intellectuelle,Influence intellectuelle,Influence intellectuelle (motif),Influence intellectuelle,Unité,Unité |
| STC | 0 | 0 | |a Filosofía,Filosofía,Lo Uno,Neoplatonismo,Recepción,Recepción,Unión,Unión,Unidad,Unidad,Unidad (Motivo),Unidad |
| STD | 0 | 0 | |a Filosofia,Filosofia,L'Uno,Neoplatonismo,Ricezione,Ricezione,Unità,Unità |
| STE | 0 | 0 | |a 哲学,接受,接收,新柏拉图主义,统一,团结,一致 |
| STF | 0 | 0 | |a 哲學,接受,接收,新柏拉圖主義,統一,團結,一致 |
| STG | 0 | 0 | |a Filosofia,Filosofia,Neoplatonismo,O Uno,Recepção,Recepção,União,União,Unidade,Unidade,Unidade (Motivo),Unidade |
| STH | 0 | 0 | |a Восприятие (мотив),Восприятие,Единственное,Единство (мотив),Единство,Неоплатонизм,Философия (мотив),Философия |
| STI | 0 | 0 | |a Αποδοχή (μοτίβο),Αποδοχή,Ενότητα (μοτίβο),Ενότητα,Νεοπλατωνισμός,Το Ένα,Φιλοσοφία (μοτίβο),Φιλοσοφία |
| SUB | |a REL | ||
| SYA | 0 | 0 | |a Aristokles,v427-v347,Eflātun,v427-v347,Eflatun,v427-v347,Platonius,v427-v347,Platão,v427-v347,Platōnas,v427-v347,Platonas,v427-v347,Pseudo-Plato,v427-v347,Platao,v427-v347,Po-la-t'u,v427-v347,Bolatu,v427-v347,P'urat'on,v427-v347,P'ullat'o,v427-v347,P'ullat'on,v427-v347,Ps.-Platon,v427-v347,Pġaton,v427-v347,Plato,Atheniensus,v427-v347,Aflaṭôn,v427-v347,Aplaṭôn,v427-v347,Aflāṭūn,v427-v347,Platōn,v427-v347,Plato,Atheniensis,v427-v347,Plato,Athenensis,v427-v347,Plato,Philosophus,v427-v347,Platon,Philosoph,v427-v347,Platon,Sohn des Ariston,v427-v347,Platon,von Athen,v427-v347,Plato,von Athen,v427-v347,Plato,Philosoph,v427-v347,Platon,d'Athènes,v427-v347,Platon,dÁthènes,v427-v347,Platone,v427-v347,Pseudo-Platon,v427-v347 |
| SYG | 0 | 0 | |a Militärische Einheit,Militäreinheit,Militärische Einheiten , Neoplatonismus,Platonismus , Philosophy,Philosophieren , Neoplatonismus,Platonismus , To hen,Unum , Fortwirken,Nachwirkung,Nachleben,Wirkungsgeschichte,Aneignung |
| TIM | |a 100005000101_100015001231 |b Geschichte 500-1500 | ||



